000 01181cam a2200157 4500500
005 20251214021331.0
041 _afre
042 _adc
100 1 0 _aPregno, Gilbert
_eauthor
245 0 0 _aReseña. Belle-mère, beau-père. Trouver sa place. Faciliter les relations dans la famille. Ivy Daure, 2024, ESF Sciences humaines. ISBN 978-2-7101-4779-4
260 _c2025.
500 _a49
520 _aEn casa de herrero cuchillo de palo… ¿Cómo van las cosas en casa de los sistémicos, en lo que a transmisión se refiere? ¿Son los sistémicos, especialistas en relaciones, ciclos de vida y cambio, una excepción a la regla? En un momento en que los pioneros de la sistémica en Europa se enfrentan al reto de transmitir su herencia y sus instituciones, el CERAS de Grenoble, fundado en 1980, ha optado por la reubicación geográfica y la apertura a nuevas personas. Un miembro de la nueva asociación, con sede en la región de Nouvelle-Aquitaine, relata este exitoso traspaso.
786 0 _nThérapie Familiale | 46 | 3 | 2025-06-20 | p. 249-250 | 0250-4952
856 4 1 _uhttps://shs.cairn.info/revue-therapie-familiale-2025-3-page-249?lang=es&redirect-ssocas=7080
999 _c1571936
_d1571936